Statistiques concernant Les pays de l'UE

Cliquez ici pour prendre le quiz!

Statistiques générales

  • Ce quiz a été pris 49 184 fois
    (23 999 depuis la dernière actualisation)
  • Le résultat moyen est 23 sur 27

Statistiques - réponses

Pays% Correct
France
100%
Espagne
98%
Allemagne
97%
Portugal
96%
Belgique
95%
Italie
95%
Suède
91%
Finlande
88%
Autriche
87%
Pologne
87%
Grèce
87%
Pays-Bas
86%
Luxembourg
86%
Estonie
85%
Lituanie
85%
Croatie
83%
Danemark
83%
Lettonie
83%
Irlande
83%
Roumanie
82%
Hongrie
81%
Slovaquie
76%
Slovénie
75%
République tchèque
74%
Bulgarie
74%
Malte
67%
Chypre
57%

Distribution des résultats

Percentile par nombre de réponses

% des personnes avec chaque résultat

Votre développement - résultats

Vous n’avez pas pris ce quiz depuis la dernière actualisation